书目信息 |
| 题名: |
什么是共产主义 怎样实现共产主义
|
|
| 作者: | 刘普生 | |
| 分册: | ||
| 出版信息: | 湖南教育出版社 |
|
| 页数: | 211 | |
| 开本: | 20cm | |
| 丛书名: | ||
| 单 册: | ||
| 中图分类: | G414 | |
| 科图分类: | ||
| 主题词: | 思想政治教育--学校教育 , 德育--学校教育 | |
| 电子资源: | ||
| ISBN: | 7-5355-3259-4 | |
| 000 | 00594nam0 2200193 450 | |
| 001 | 0760515518 | |
| 005 | 20070817164835.51 | |
| 010 | @a7-5355-3259-4@d¥8.50 | |
| 100 | @a20070817d km y0chiy0120 ea | |
| 101 | 0 | @achi |
| 200 | 1 | @a什么是共产主义 怎样实现共产主义@Ashi mo shi gong chan zhu yi zen yang shi xian gong chan zhu yi@f刘普生等@Fliu pu sheng deng |
| 210 | @c湖南教育出版社 | |
| 215 | @a211@d20cm | |
| 606 | 0 | @a思想政治教育--学校教育 |
| 606 | 0 | @a德育--学校教育 |
| 690 | @aG414@v3 | |
| 701 | 0 | @a刘普生@Aliu pu sheng |
| 801 | 0 | @aCN@bPFT@c20070817 |
| 905 | @a213230@dG414@eg6@f1 | |
| 什么是共产主义 怎样实现共产主义/刘普生等.-湖南教育出版社 |
| 211;20cm |
| ISBN 7-5355-3259-4:¥8.50 |
| ● |
| 相关链接 |
|
|
|
|
正题名:什么是共产主义 怎样实现共产主义
索取号:G414/g6
 
预约/预借
| 序号 | 登录号 | 条形码 | 馆藏地/架位号 | 状态 | 备注 |
| 1 | 6500915 | 265009153 | 经管系资料室/ [索取号:G414/g6] | 在馆 |